000 00676nam a2200229 a 4500
999 _c2346
_d2346
001 2346
003 BD-JhCC
005 20171101125238.0
008 171101s2013 bg ||||| ||a| 00| 0 en d
020 _a9789849019336
035 _a(BD-JhCC)2346
040 _aBD-JhCC
_dBD-JhCC
041 _aben
082 _a891.4409
_bOLA 2013
100 _aওয়ালিউল্লাহ, সৈয়দ
245 _aঅগ্রন্থিত রচনা /
_cসৈয়দ ওয়ালিউল্লাহ
260 _aঢাকা :
_bপ্রথমা,
_c2013.
300 _a111 p. :
_c18 cm.
650 _aBengali literature
942 _2ddc
_cBK